000 00383 a2200157 4500
001 58273
020 _a8508045859
040 _cAnchieta - Pituba
100 _aBarreto, Lima
240 1 0 _aRecordações do escrivão Isaías Caminha
_lpor
245 1 0 _aRecordações do escrivão Isaías Caminha
300 _a167
362 0 _a1998
650 4 _aFicção brasileira
942 _cBK
999 _c58273
_d58273